=LDR 00000nam 2200000 4500 =001 000443 =005 20250710042939 =035 ##$$a 0010-0725000305 =007 ta =008 250710################a##########0#ind## =020 ##$$a 978-623-307-407-0 =082 ##$$a 398.209 598 =084 ##$$a 398.209 598 WOR m =100 #$$a Worksop Bhubaneshwar =245 1#$$a Matahari Ketujuh: Sebuah Kisah Suku dari Odisha /$c Bhubansehawar Workshop For Children =250 ##$$a Cetakan Pertama 2024 =260 ##$$a Jakarta :$b Badan Pengembangan dan Pembinaan Bahasa,$c 2022 =300 ##$$a 20 hlm : $b Ilus. ; $c 21 cm =650 #4$$a Cerita Anak Indonesia - Terjemahan =650 #4$$a Literasi- Bahan Bacaan =990 ##$$a TBM01670167